La Dictadura. : Economía y represión.
Guardado en:
| Formato: | |
|---|---|
| Materias: | |
| Etiquetas: |
Agregar Etiqueta
Sin Etiquetas, Sea el primero en etiquetar este registro!
|
| LEADER | 00923ngm a22002415g 4500 | ||
|---|---|---|---|
| 001 | CEM.cems022865 | ||
| 008 | 130507b2008##################0###0#####d | ||
| 005 | 20241125150841.0 | ||
| 245 | 0 | 0 | |a La Dictadura. : |b Economía y represión. |
| 300 | |a 30'. | ||
| 500 | |a En soporte VHS, consultar en ventanilla. | ||
| 505 | 0 | |a La política económica de Martínez de Hoz. Vinculación con la represión. Disminución del salario. La circular 1050. La tablita. Plata dulce y patria financiera. Deuda externa. Corrupción. | |
| 538 | |a Soporte: VHS - Norma: Pal N - Color: Si - Grabación DRD 2008 - Hitachi=5940 | ||
| 082 | 9 | 8 | |/ TES |
| 653 | |a HISTORIA | ||
| 653 | |a HISTORIA ARGENTINA | ||
| 653 | |a POLITICA ARGENTINA | ||
| 653 | |a DICTADURA | ||
| 653 | |a REPRESION | ||
| 653 | |a PLATA DULCE | ||
| 653 | |a PATRIA FINANCIERA | ||
| 653 | |a DEUDA EXTERNA | ||
| 859 | |a CEMS |b BIB. CEMS - Depto. Recursos Didacticos |h 982 |i TES |k DRD |p 1508.12 |t Ej.1 | ||
